Ce n'est pas la même chanson, mais elles ont le même titre #2 - Statistiques

Statistiques générales
  • Ce quiz a été pris 32 fois
  • Le résultat moyen est 4 sur 15
Statistiques - réponses
Artistes Titre % Correct
Indila / Kyo Dernière danse
93%
Justin Bieber / Aya Nakamura Baby
62%
Superbus / SMiLE.dk Butterfly
48%
Jessie J, Ariana Grande & Nickiminaj / IVE Bang Bang
41%
Britney Spears / Hamza Toxic
41%
Dadju & Tayc / Billie Eilish I love you
31%
Zaz / Jean-Jacques Goldman On ira
31%
Linkin Park / Marshmello Numb
24%
Michael Sembello / Stray Kids Maniac
14%
David Guetta / Maroon 5 Memories
14%
Damien Sargue & Joy Esther / PLK Aimer
7%
Soprano / Clara Luciani Roule
7%
One Republic / Aurora Runaway
7%
Babymonster / Skytech Clik Clak
3%
Bruno Mars / Milky Just the way you are
3%
Aucun quiz correspondant
Distribution des résultats
% des personnes avec chaque résultat
Percentile par nombre de réponses
Votre historique - résultats
Vous n’avez pas pris ce quiz